| 000 | 01650cam a2200385 a 4500 | ||
|---|---|---|---|
| 090 | _c10102 | ||
| 001 | 14895680 | ||
| 005 | 20080403175034.0 | ||
| 008 | 070619s2008 nyuab b 001 0 eng | ||
| 010 | _a 2007025539 | ||
| 020 | _a9780521887359 (hardback) | ||
| 020 | _a0521887356 (hardback) | ||
| 020 | _a9780521715256 (pbk.) | ||
| 020 | _a0521715253 (pbk.) | ||
| 035 | _a(OCoLC)ocn147985459 | ||
| 035 | _a(OCoLC)147985459 | ||
| 040 |
_aDLC _cDLC _dYDX _dBAKER _dBTCTA _dYDXCP _dEMU _dDLC |
||
| 043 | _af------ | ||
| 050 | 0 | 0 |
_aJC328.7 _b.B38 2008 |
| 082 | 0 | 0 |
_a321.09 _222 _bBAT |
| 100 | 1 | _aBates, Robert H. | |
| 245 | 1 | 0 |
_aWhen things fell apart : _bstate failure in late-century Africa / _cRobert H. Bates. |
| 260 |
_aNew York : _bCambridge University Press, _cc.2008. |
||
| 300 |
_axiv, 191 p. : _bill., maps ; _c23 cm. |
||
| 440 | 0 | _aCambridge studies in comparative politics | |
| 504 | _aIncludes bibliographical references (p. 175-186) and index. | ||
| 650 | 0 |
_aFailed states _zAfrica _xHistory _y20th century. |
|
| 651 | 0 |
_aAfrica _xPolitics and government _y20th century. |
|
| 856 | 4 | 2 |
_3Publisher description _uhttp://www.loc.gov/catdir/enhancements/fy0803/2007025539-d.html |
| 856 | 4 | 1 |
_3Table of contents only _uhttp://www.loc.gov/catdir/enhancements/fy0803/2007025539-t.html |
| 906 |
_a7 _bcbc _corignew _d1 _eecip _f20 _gy-gencatlg |
||
| 942 |
_2ddc _cARCH |
||
| 999 |
_c10102 _d10102 |
||